Ťažobný priemysel Demokratickej republiky Kongo diplomová práca

Gespeichert in:
Bibliographische Detailangaben
1. Verfasser: Obedová, Olívia
Körperschaft: Fakulta medzinárodných vzťahov EU. Katedra medzinárodných ekonomických vzťahov a hospodárskej diplomacie
Weitere Verfasser: Raneta, Leonid, 1982-
Format: Buch
Sprache:Slowakisch
Veröffentlicht: Bratislava 2022
Tags: Tag hinzufügen
Keine Tags, Fügen Sie das erste Tag hinzu!

MARC

LEADER 00000nbm a2200000 4500
001 0285180
005 20230418144735.0
041 0 |a slo 
044 |a SK 
245 1 0 |a Ťažobný priemysel Demokratickej republiky Kongo  |b diplomová práca  |c Olívia Obedová ; školiteľ: Leonid Raneta 
264 1 |a Bratislava  |c 2022 
300 |a 50 s. 
100 1 |a Obedová, Olívia 
700 1 |a Raneta, Leonid, 1982- 
710 2 |a Fakulta medzinárodných vzťahov EU. Katedra medzinárodných ekonomických vzťahov a hospodárskej diplomacie